Normal view
MARC view
- A.R. Wadia, Wadia
Entry Personal Name
001 - CONTROL NUMBER
- control field: 5306
003 - CONTROL NUMBER IDENTIFIER
- control field: OSt
005 - DATE AND TIME OF LATEST TRANSACTION
- control field: 20221117113805.0
008 - FIXED-LENGTH DATA ELEMENTS
- fixed length control field: 221117|| aca||aabn | a|a d
040 ## - CATALOGING SOURCE
- Original cataloging agency: OSt
- Transcribing agency: OSt
100 ## - HEADING--PERSONAL NAME
- Personal name: A.R. Wadia, Wadia
670 ## - SOURCE DATA FOUND
- Source citation: Work cat.: (OSt)11230: A.R. Wadia, Wadia ., History and philosophy of social work in India , 1961.
